Organizaciones que saben, organizaciones que aprenden

Detalles Bibliográficos
Autor principal: Brugu,̌ Quim
Formato: eBook
Lenguaje:español
Publicado: Madrid: Instituto Nacional de Administracin̤ Pb︢lica (INAP), 2022
Materias:
Acceso en línea:Acceso restringido

MARC

LEADER 00000nam a22000007a 4500
005 20220817233127.0
007 cr|||| ||||
008 220817s2022 es |||||s|||| 00||0 spa d
020 |a 978-84-7351-751-5 
035 |a 36868 
040 |a vLex 
090 |c 13744  |d 13744 
100 1 |a Brugu,̌ Quim 
245 1 0 |a Organizaciones que saben, organizaciones que aprenden  |h [Recurso electrn̤ico] /  |c Quim Brugǔ 
256 |a Servicio en ln̕ea 
260 |a Madrid:  |b Instituto Nacional de Administracin̤ Pb︢lica (INAP),  |c 2022 
300 |a 1 recurso electrn̤ico 
506 1 |a Disponible solo en los productos indicados  |d vLex Global  |d vLex Global (Academic Edition, excluding Law Schools)  |d vLex Global (U.S. Academic Edition, Law Schools)  |d vLex Global (U.S. Academic Edition, excluding Law Schools)  |d vLex Global (Academic Edition, Law Schools) 
650 0 4 |a Derecho Pb︢lico y Administrativo  |z Espaą 
740 0 |a vLex Libros (Servicio en ln̕ea) 
856 4 0 |u https://app.vlex.com/#/sources/36868  |z Acceso restringido 
942 |c BOOK 
999 0 |a Public and Administrative Law